| 000 | 00000cam 2200000zi 4500 |
| 001 | 9.956363 |
| 003 | CaOODSP |
| 005 | 20260513101303 |
| 006 | m o d f |
| 007 | cr cn||||||||| |
| 008 | 251015t20262026onco o f000 0 eng d |
| 020 | |a9780660793535 |
| 040 | |aCaOODSP|beng|erda|cCaOODSP |
| 043 | |an-cn--- |
| 086 | 1 |aFs23-798/2025E-PDF |
| 245 | 00|aRecovered gear analysis of North Atlantic right whale snow cone Eg #3560. |
| 264 | 1|a[Ottawa] : |bFisheries and Oceans Canada = Pêches et océans Canada,|c[2026] |
| 264 | 4|c©2026 |
| 300 | |a1 online resource (9 unnumbered pages) : |bcolour photographs |
| 336 | |atext|btxt|2rdacontent |
| 337 | |acomputer|bc|2rdamedia |
| 338 | |aonline resource|bcr|2rdacarrier |
| 500 | |aIssued also in French under title: Analyse de l'engin récupéré sur la baleine noire de l'Atlantique Nord Eg no 3560 « Snow Cone ». |
| 500 | |a"Unclassified." |
| 650 | 0|aNorthern right whale|xEffect of fishing on|zMassachusetts|zCape Cod Bay. |
| 650 | 0|aNorthern right whale|xEffect of fishing on|zSaint Lawrence, Gulf of. |
| 650 | 0|aSnow crab fisheries|xEquipment and supplies|xEnvironmental aspects|zSaint Lawrence, Gulf of. |
| 710 | 1 |aCanada. |bDepartment of Fisheries and Oceans, |eissuing body. |
| 775 | 08|tAnalyse de l'engin observé sur la baleine noire de l'Atlantique Nord Eg no 3560 « snow cone ».|w(CaOODSP)9.956364 |
| 856 | 40|qPDF|s422 MB|uhttps://publications.gc.ca/collections/collection_2026/mpo-dfo/fs23/Fs23-798-2025-eng.pdf |